Guess the country by pic 1# - Statistics

General Stats
  • This quiz has been taken 29 times
  • The average score is 6 of 20
Answer Stats
Picture Answer % Correct
Italy
84%
Greece
80%
malaysia
64%
Israel
60%
germany
44%
Nauru
40%
Bosnia
36%
New Zealand
36%
North korea
36%
Finland
32%
taiwan
32%
Iraq
20%
dominica
16%
Rwanda
16%
algeria
12%
Libya
12%
St Lucia
8%
belize
4%
Paraguay
4%
zambia
0%
No matching quizzes found
Score Distribution
Percent of People with Each Score
Percentile by Number Answered
Your Score History
You have not taken this quiz